| 000 | 00408nam a2200157Ia 4500 | ||
|---|---|---|---|
| 003 | GCL | ||
| 008 | 140319s9999 xx 000 0 eng d | ||
| 040 |
_aGCL / _cGCL |
||
| 082 | 0 | 4 |
_aCH _b423 _bC C |
| 100 | 1 | _aCHAMBERS | |
| 245 | 1 | 0 |
_aCHAMBERS CHILDREN'S COLOUR DICTIONARY / _cCHAMBERS |
| 260 |
_a[S.N] : _bHAM LYN ، _c1989 |
||
| 300 | _a472 | ||
| 650 | 0 | 4 | _aENCYCLOPEDIAS AND DICTIONARIES |
| 942 |
_2ddc _cBK |
||
| 999 |
_c17480 _d17480 |
||